| 000 | 00423nam a2200181Ia 4500 | ||
|---|---|---|---|
| 005 | 20250423095040.0 | ||
| 008 | 250422s9999 xx 000 0 und d | ||
| 020 | _a9788174732392 | ||
| 050 | _aRS 51 .G87/ | ||
| 100 | _aGupta, L.C. | ||
| 245 | 0 | _aDictionary of pharmacy | |
| 260 | _aNew Delhi | ||
| 260 | _bAITBS publishers | ||
| 260 | _c2011 | ||
| 300 | _a334 p | ||
| 650 | _aPharmacy--Dictionaries. | ||
| 942 | _cBK | ||
| 999 |
_c29083 _d29083 |
||